Responses for Show #1240 - Friday, January 12, 1990

Frank Spangenberg game 4.

Contestants

[<< previous game]

David Kahn, a law student from Brookline, Massachusetts

Jan Ford, a quality control inspector from San Antonio, Texas

Frank Spangenberg, a police officer from Flushing, New York (whose 3-day cash winnings total $53,598)

[next game >>]

Jeopardy! Round responses

CALIFORNIA CITIES
TV BLONDES
JOURNALISM
JUNE 1969
ONE SONG
UNDER WOOD
    $100 14
Sacramento

Jan
    $100 11
Shelley Long

Jan
    $100 23
My Lai

David
    $100 3
Dr. Martin Luther King, Jr.

Jan
    $100 8
"Michelle"

Jan
    $100 1
flugelhorn

Frank
    $200 18
San Jose

Frank
    $200 12
Murphy Brown

Jan
    $1,000 25
(David: What is 350?)

the 300th

David
    $200 5
soccer/football

Frank
    $200 9
John Lennon & Paul McCartney

David
    $200 2
baseball bats

David
    $300 19
San Diego

David
    $300 17
Married... with Children

Frank
    $300 26
Baltimore

David
    $300 10
Cyprus

Frank
    $300 13
"Ma Belle"

Frank
    $300 4
petrified wood

David
    $400 21
Anaheim

Frank
    $400 29
Charles In Charge

Frank
    $400 27
All The President's Men & The Final Days

Frank
    $400 20
Warren Burger

Frank
    $400 15
Jack Jones

Jan
    $400 6
matches

Frank
    $500 22
(Frank: What is Pico?)

Needles

Frank
Triple Stumper
    $500 30
(David: Who is Suzanne Dey; Susan....)
(Alex: Once we rule on you, you cannot blurt out anything that would help your opponents.)

Susan Dey

JanDavid
    $500 28
The March of Time

Triple Stumper
    $500 24
John L. Lewis

David
    $500 16
"Rubber Soul"

Jan
    $500 7
Wood's Hole Oceanographic Institute

Frank

Scores at the first commercial break (after clue 12):

Frank Jan David
$1,500 $500 $700

Scores at the end of the Jeopardy! Round:

Frank Jan David
$3,400 $2,000 $400

Double Jeopardy! Round responses

PRESIDENTIAL TRIVIA
MOVIE DIRECTORS
7-LETTER WORDS
COLD-BLOODED ANIMALS
WORLD LITERATURE
ROSES
    $200 1
(Jan: Who is Jackson?)

Thomas Jefferson

FrankJan
    $200 9
(Alex: Was my impression that bad?)
(Jan: No, I just couldn't realize that your impression helped!)
(Alex: Thank You!)

Sylvester Stallone

Jan
    $200 19
nursery

Frank
    $200 23
(Jan's response of "gills" was accepted before FJ.)

tail

JanDavid
    $200 16
Crime And Punishment

Frank
    $200 6
sub rosa

David
    $400 2
(David: What is Yosemite?)

Yellowstone

FrankDavid
    $400 10
Birth of a Nation

Frank
    $400 22
caravan

Jan
    $400 27
(Upon further review, there is also a fourth member, Caimans)

Crocodiles, Alligators, & Gavials

Frank
    $400 17
Daniel Defoe

Frank
    $400 7
rose-colored glasses

David
    $600 3
James Buchanan

David
    $600 13
Claude

David
    $600 24
Cockney

Frank
    $600 28
turtles

Triple Stumper
    $600 18
Solitude

David
    $600 8
Rhodes

Jan
    $1,000 4
Ronald Reagan (1985)

David
    $800 14
Otto Preminger

Jan
    $800 25
ocarina

Frank
    $4,000 29
(Alex: Frank, there are a number of considerations you might want to take into account as you decide on this Daily Double. Our record, as you know, was set earlier this year of about $80,000. You're moving along the right path towards that end; you have $9,800 at the moment...)

(red) coral snake

Frank
    $800 20
French

Frank
    $800 11
"Yellow Rose of Texas"

Triple Stumper
    $1000 5
Connecticut

Frank
    $1000 15
Joan Rivers

David
    $1000 26
bucolic

Frank
    $1000 30
salamander

Frank
    $1000 21
Jerzy Kozinski

David
    $1000 12
cabbage rose

Jan

Scores at the end of the Double Jeopardy! Round:

Frank Jan David
$14,800 $5,000 $5,600
(lock game)

[wagering suggestions for these scores]

Final Jeopardy! Round responses

BUSINESS & INDUSTRY
JanWhere is Concord?
$4,500
DavidWhat is Concord Springfield?
$4,401
FrankWhat is Concord?
$3,599
Concord

Final scores:

Frank Jan David
$18,399 $9,500 $1,199
4-day champion: $71,997 2nd place: Sierra Fireplace & La-Z-Boy Recliner 3rd place: "Secrets of the Unknown" videotape series

Game dynamics:

Coryat scores:

Frank Jan David
$11,600 $5,000 $6,400
26 R
(including 1 DD),
1 W
14 R,
1 W
16 R
(including 1 DD),
3 W
(including 1 DD)

Combined Coryat: $23,000

[game clues] [game scores] [suggest correction]

Game tape date: 1989-09-18
The J! Archive is created by fans, for fans. Scraping, republication, monetization, and malicious use prohibited; this site may use cookies and collect identifying information. See terms. The Jeopardy! game show and all elements thereof, including but not limited to copyright and trademark thereto, are the property of Jeopardy Productions, Inc. and are protected under law. This website is not affiliated with, sponsored by, or operated by Jeopardy Productions, Inc. Join the discussion at JBoard.tv.